| 000 | 00908nam a22002777a 4500 | ||
|---|---|---|---|
| 003 | CHAP | ||
| 005 | 20220329133825.0 | ||
| 008 | 971013s1984 r 00010 d | ||
| 010 | _a11420 | ||
| 011 | _a12392 | ||
| 035 | _a15577 | ||
| 040 | _cCHAP | ||
| 090 | _aFolleto 10832 | ||
| 110 |
_aMéxico. Secretaría de la Contraloría General de la Federación _977189 |
||
| 245 | _aConvenio de coordinación para la vigilancia de la acción gubernamental relacionada con el sector agropecuario | ||
| 260 |
_aMéxico, D. F. : _bLa Secretaría, _c1984 |
||
| 300 | _a40 p. | ||
| 500 | _aD14-12 | ||
| 590 |
_aBATCH-UPD _b10 _c20130110 _lUCH01 _h2113 |
||
| 590 |
_aBATCH-UPD _b10 _c20130410 _lUCH01 _h1423 |
||
| 590 |
_aCONVERSION _b10 _c20130109 _lUCH01 _h1308 |
||
| 650 | 1 | 4 |
_aAgricultura _xFinanzas _xMexico. _91493 |
| 901 | _aBK | ||
| 942 | _cFOLL | ||
| 949 |
_aFolleto 10832 _bBC _cFOLL _d-27785 _eTS1 _i15577 _mD _si |
||
| 999 |
_c11420 _d11420 |
||